000 00379nam a2200133 4500
005 20260530115305.0
100 1 _aLlisa F Deulonder
_931881
245 1 0 _aLaCocina y otros espacios domésticos / Manual práctico
264 1 _bEditorial Gustavo Gili
_c2008
300 _a165 páginas
336 _atexto
_2rdacontent
337 _asin medio
_2rdamedia
338 _avolumen
_2rdacarrier
999 _c13068
_d13068